| 000 | 00927nam a2200325 a 4500 | ||
|---|---|---|---|
| 003 | AR-BaBNM | ||
| 005 | 20251128204747.0 | ||
| 008 | 082120s2002 ||||||||||||||000 | spa|| | ||
| 020 | _a84-368-0613-1 | ||
| 040 | _cAR-BaBNM | ||
| 100 | 1 | _aSan Millán Martín, Miguel Angel | |
| 245 | 0 | 0 | _aIntroducción a la economía matématica |
| 260 |
_aMadrid _bPirámide _c1992 |
||
| 300 |
_a300 p. _bdiagr., tablas, cuadros |
||
| 490 | 0 | _aEconomía y administración de empresas | |
| 500 | _aContiene índice bibliográfico en pág. 329-330 | ||
| 600 | 1 | 4 | _aTaylor, Brook |
| 600 | 1 | 4 | _aEuler, Leónhard |
| 650 | 4 | _aMATEMATICA | |
| 650 | 4 | _aECONOMIA | |
| 650 | 4 | _aALGEBRA | |
| 650 | 4 | _aFUNCIONES [MATEMATICA] | |
| 650 | 4 | _aARITMETICA | |
| 650 | 4 | _aTEORIA DE LOS CONJUNTOS | |
| 650 | 4 | _aSISTEMAS DE CLASIFICACION | |
| 650 | 4 | _aECUACIONES | |
| 700 | 1 | _aViejo Valdeverde, Felicidad | |
| 942 | _cBK | ||
| 998 | _cGLORIA | ||
| 999 |
_c8711 _d8711 |
||